000 01169nam0a2200301 4500
001 RU\NLR\b_ik\190588
005 20250616231059.0
010 _a978-5-9786-0119-0
_9100
035 _a(NLR Aleph) 002263052
090 _a3846123
_c3846123
100 _a20110615d2009 |||y0rusy50 ca
101 0 _aeng
102 _aRU
105 _aab |||||||||
200 1 _aAnthropogenic and natural evolution of soils
_fYu.G. Chendev
_gBelgorod state univ., Russ. found. for basic research
210 _aBelgorod
_cKonstanta
_d2009
215 _a111 с.
_cил., карт.
_d24
320 _aБиблиогр. в конце ст.
541 0 _aАнтропогенная и природная эволюция почв
_zrus
606 1 _aПочвы
_xЭволюция
_xВлияние антропических факторов
_92359632
_3RU\NLR\AUTH\661409160
606 1 _aПочвы голоценовые
_xЭволюция
_92622796
_3RU\NLR\AUTH\661559356
686 1 _aП031.9
686 1 _aП034.27
700 1 _aČendev
_bJ. G.
_f1963-
_gJurij Georgievič
_4070
801 0 _aRU
_bNLR
_c20110615
_gRCR
942 _cBOOK
980 _aNB